000 00596nam a2200229Ia 4500
003 OSt
005 20220928111746.0
006 a|||||r|||| 00| 0
007 ta
008 220927b |||||||| |||| 00| 0 eng d
024 _a53905
037 _cTextual
040 _aSDCL
_cSDCL
_beng
041 _2eng
_aeng
082 _aO152,6N31x, L5
100 _aVarma Shri Kant
_9424906
245 0 _aApolo ka rath.
260 _aDelhi
_bRadha Krishna Prakashan
_c1975
300 _a98p
_ccm.
942 _hO152,6N31x, L5
_cTEXL
_2CC
999 _c741878
_d741878